| 000 | 01153nam a22002417a 4500 | ||
|---|---|---|---|
| 999 |
_c23573 _d23573 |
||
| 003 | AR-CdUCM | ||
| 008 | 260331b2024 pe ||||| |||| 00| 0 esp d | ||
| 040 |
_aMUNICIPALIDAD PROVINCIAL DEL CUSCO _cBIBLIOTECA MUNICIPAL DEL CUSCO |
||
| 041 | _hspa | ||
| 082 |
_a615.3 / _bC46 |
||
| 110 |
_aCentro Regional para la Salvaguardia del Patrimonio Cultural Inmaterial de América Latina - CRESPIAL _952451 |
||
| 245 | _aEtnobotánica y Medicina Tradicional en el Contexto Afroyapaterano / | ||
| 260 |
_aCusco - Perú : _bCentro Regional para la Salvaguardia del Patrimonio Cultural Inmaterial de América Latina - CRESPIAL , _c2024. |
||
| 300 |
_a52 Páginas. : _bImágenes _c15 x 21 cm. |
||
| 505 | _aContenido: Árboles, arbustos y hierbas medicinales de Yapatera -- Algarrobo -- Amor seco -- Cardo santo -- Congona -- Cuncun -- Guanábana -- Hierba Luisa -- mora -- santa -- Llantén -- Mataperro -- Mostrante.... | ||
| 650 |
_aNombre científico _952452 |
||
| 650 |
_aDescripción _91990 |
||
| 650 |
_aUso medicinal _952453 |
||
| 650 |
_aJardín botánico _952454 |
||
| 856 | _fwww.crespial.org | ||
| 942 |
_2ddc _cLIBROS |
||
| 945 |
_ajmcs _d31/03/2026 |
||